Může nový "Marshallův plán" pomoci v boji s chudobou?
Rozvojové ciele tisícročia. Globálne partnerstvo pre rozvoj definované ako nový "Marshallov plán". Hlavné ciele tohto plánu. Predpoklady pre úspešnú implementáciu globálneho Marshallovho plánu. Štyri etapy implementácie globálneho Marshallovho plánu.
Salvato in:
| Autore principale: | |
|---|---|
| Natura: | Capitolo di libro |
| Lingua: | ceco |
| Soggetti: | |
| Tags: |
Nessun Tag, puoi essere il primo ad aggiungerne!!
|
MARC
| LEADER | 00000naa$a2200000$$$4500 | ||
|---|---|---|---|
| 001 | 0038325 | ||
| 005 | 20231016092010.0 | ||
| 041 | 0 | |a cze | |
| 044 | |a CZ | ||
| 245 | 1 | 0 | |a Může nový "Marshallův plán" pomoci v boji s chudobou? |c Pavel Nováček |
| 520 | |a Rozvojové ciele tisícročia. Globálne partnerstvo pre rozvoj definované ako nový "Marshallov plán". Hlavné ciele tohto plánu. Predpoklady pre úspešnú implementáciu globálneho Marshallovho plánu. Štyri etapy implementácie globálneho Marshallovho plánu. | ||
| 610 | 2 | 0 | |a politika medzinárodná |
| 610 | 2 | 0 | |a spolupráca hospodárska medzinárodná |
| 610 | 2 | 0 | |a rozvoj hospodársky |
| 610 | 2 | 0 | |a rozvoj trvalo udržateľný |
| 610 | 2 | 0 | |a krajiny vyspelé |
| 610 | 2 | 0 | |a krajiny rozvojové |
| 610 | 2 | 0 | |a chudoba |
| 610 | 2 | 0 | |a zdravie |
| 610 | 2 | 0 | |a prostredie životné |
| 610 | 2 | 0 | |a vzdelanie |
| 610 | 2 | 0 | |a voda pitná |
| 100 | 1 | |a Nováček, Pavel | |